Disney Characters Close-Up Quiz Stats

Quiz Updated Jan 31, 2018

Challenge
Share
Tweet
Score 0/28 Timer 05:00
22 Plays Today
No. Character % Correct
16Snow White
96.8%
7Tigger
95.9%
28Bambi
95.7%
9Peter Pan
94.2%
24Goofy
94.1%
5Stitch
94.1%
1Dumbo
93.5%
10Lilo
93.4%
27Donald Duck
92.8%
21Belle
92.5%
4Tarzan
92.2%
22Simba
91.9%
3Tinker Bell
91.6%
25Pluto
91.5%
No. Character % Correct
15Alice
91.1%
6Scar
89.8%
12Lady
88.3%
26Genie of the Lamp
88.2%
14Hercules
87.4%
23Daisy Duck
86.2%
20Beast
84.7%
18Pocahontas
82.2%
8Rabbit
74.6%
13Jiminy Cricket
72.4%
2Zeus
61.6%
17King Triton
57.9%
19Esmeralda
47.7%
11Meeko
38.7%

You're not logged in!

Compare scores with friends on all Sporcle quizzes.
Join for Free
OR
Log In

You Might Also Like...

Show Comments

Extras

Top Quizzes Today


Score Distribution

Your Account Isn't Verified!

In order to create a playlist on Sporcle, you need to verify the email address you used during registration. Go to your Sporcle Settings to finish the process.

Report this User

Report this user for behavior that violates our Community Guidelines.

Details: